Ekonomika SR z pohľadu globálnej konkurencieschopnosti

Príspevok sa venuje budúcemu vývoju ekonomiky SR. Podľa indikátorov makroekonomického prostredia nemožno predpovedať prudkú zmenu vývoja HDP. Oživenie ekonomiky bude naďalej pomalé vďaka nestabilnému vývoju u zahraničných partnerov. Situáciu komplikuje stagnácia investícií, pokles súkromnej a verejn...

Ausführliche Beschreibung

Gespeichert in:
Bibliographische Detailangaben
1. Verfasser: Trnovský, Karol, 1983-
Format: Buchkapitel
Sprache:Slowakisch
Schlagworte:
Tags: Tag hinzufügen
Keine Tags, Fügen Sie das erste Tag hinzu!

MARC

LEADER 00000nla a2200000 4500
001 0172034
005 20240502072941.5
041 0 |a slo 
044 |a SK 
245 1 0 |a Ekonomika SR z pohľadu globálnej konkurencieschopnosti  |c Karol Trnovský 
520 |a Príspevok sa venuje budúcemu vývoju ekonomiky SR. Podľa indikátorov makroekonomického prostredia nemožno predpovedať prudkú zmenu vývoja HDP. Oživenie ekonomiky bude naďalej pomalé vďaka nestabilnému vývoju u zahraničných partnerov. Situáciu komplikuje stagnácia investícií, pokles súkromnej a verejnej spotreby, nárast nezamestnanosti a zhoršujúca globálna konkurencieschopnosť. 
610 2 0 |a vývoj hospodársky 
610 2 0 |a prognózy hospodárske 
610 2 0 |a Slovensko 
610 2 0 |a konkurencieschopnosť 
100 1 |a Trnovský, Karol, 1983-